000 05371nam a22005537a 4500
005 20111208165446.0
010 _aB-476226-253
020 _a8175155914
_c200.00
020 _a9788175155916
_c200.00
035 _aB-476226-253
037 _bBlueberry Books/Ven
082 _aS
245 _aLet's read Hanuman tales /
_cedited by Vinnie Mathur
260 _aNew Delhi
_bGalgotia Publications
_c2010(repr.).
270 _bNew Delhi
_e110002
_a5, Ansari Road, Darya Ganj
300 _a131p.
_c25cm (Hb)
_bill.
490 _a
_952443
700 _a Mathur, Vinnie
_936687
942 _2ddc
_cCH
_mLET
_hS
999 _c59156
_d59156